000 00287nam a22001337a 4500
008 170825b xxu||||| |||| 00| 0 eng d
020 _a9781444159196
041 _aeng
080 _a070
100 _a38
101 _aMED
245 _aSUCCESSFUL MEETINGS
_cCOTTON,D
942 _2udc
_cBK
999 _c24980
_d24980